Регионална библиотека "Любен Каравелов" - Русе

Капитал (Запис номер 404072)

MARC детайли
000 -Лидер
Контролно поле с фиксирана дължина nam a22 a 4500
003 - Код на организацията, давaща контролен номер
Контролно поле BLK
005 - Дата и час на последна редакция
Контролно поле 20210330151036.0
008 - Елементи от данни с фиксирана дължина
fixed length control field 210330b bu |||||r|||| 00| | bu d
040 ## - Източник на каталожния запис
Идентификатор на билиотеката - собственик на записа BLK
041 ## - Код за език
Код за езика на текст/звукозапис или на отделно заглавие Руски
Код за езика КДБФ Руски
080 ## - УДК
Текстов определител УДК Икономически теории. Икономически учения и школи
УДК код - определител по УДК 330.8
УДК - код + определител 330.8
100 ## - Редна дума - Автор
R(LIN) 248944
Автор Маркс, Карл
Авторска отговорност първи автор
139 ## - Редно поле
Редна дума Маркс, Карл
245 ## - Сведения за заглавието
Заглавие Капитал
Подзаглавни данни Критика политической экономии : Т. 1 -
Редно поле (дума) Карл Маркс; прев. И. И. Степанова-Скворцова
Том Т. 2.. Кн. 2
Заглавие на том Процесс обращения капитала
260 ## - Област на издателските данни
9 (RLIN) 443265
Място на издаване, разпространение и проч. Москва
Име на издателя, разпространителя и проч. Государственное издательство политической литературы
Година на издаване 1949
300 ## - Физическа характеристика
Размери/Мащаб 25 см
380 ## - Жанр
Жанр Обществени науки
650 #7 - Допълнително описание по предмет – тема
9 (RLIN) 156973
Основно описание – тема или топоним Икономически учения
650 #7 - Допълнително описание по предмет – тема
9 (RLIN) 166922
Основно описание – тема или топоним Политическа икономия
653 #7 - Ключова дума – ненормативна
9 (RLIN) 194055
Ключова дума политическа икономия
653 #7 - Ключова дума – ненормативна
9 (RLIN) 188260
Ключова дума капитал
700 ## - Други автори (авторска отговорност)
9 (RLIN) 966
Лично име Степанова-Скворцова, И. И.
Автороска отговорност (Описва отношението между автора и произведението) прев.
760 ## - Описание на основната серия
Страници - том 530 с.
Заглавие Т. 2.. Кн. 2 : Процесс обращения капитала
852 ## - Местоположение
Форматна сигнатура Цб 3.225.34715
Фондова буква Основен фонд - ползва се само за читалня
999 ## - СИСТЕМНИ КОНТРОЛНИ НОМЕРА
Koha biblionumber 404072
Koha biblioitemnumber 404072
942 ## - АРТИКУЛИ
Вид на библиотечния материал Книги
Скрит в OPAC Не
Периодичен библиозапис Да
944 ## - СЪЗДАВАНЕ И РЕДАКЦИЯ на ЗАПИСА
Създаване/Редакция Създаване
Дата на регистрацията/редакция 2021-03-30
Служител, извършил регистрацията/редакцията Христина Везирева
999 ## - СИСТЕМНИ КОНТРОЛНИ НОМЕРА
Koha biblioitemnumber 403896
Наличности
Код за отписване Код за изгубен артикул Източник на класификационната схема Код за повреда Коз за рестрикции Код за отдаване Артикулен № Име на библиотеката - собственик Име на библиотеката, в която се намира в момента Статус (Текущо местоположение) Дата на вписване в системата Местоположение - отдел Цена в лева Инвентарен номер Систематично азбучна сигнатура Баркод Цена в евро Служебен тип на артикула
  Не е изгубен Universal Decimal Classification Не е повреден само за читалня ползва се в читалня 819900 Регионална библиотека "Любен Каравелов" Русе Регионална библиотека "Любен Каравелов" Русе Хранилище 2021-04-07 Основен фонд - ползва се само за читалня 0.80 34715-ІІ Цб 3.225.34715 900000044885 0.41 Книги
Vip Innovations Ltd, Rousse, Bulgaria 2025